University Home | Library Home | Institutional Repository

Psychiatry, 5th edition (Record no. 100124)

MARC details
000 -LEADER
fixed length control field 00910cam0a220020500 4500
005 - DATE AND TIME OF LATEST TRANSACTION
control field 20190819095944.0
008 - FIXED-LENGTH DATA ELEMENTS--GENERAL INFORMATION
fixed length control field 050223
020 ## - INTERNATIONAL STANDARD BOOK NUMBER
International Standard Book Number 0683083430
035 ## - SYSTEM CONTROL NUMBER
System control number (Sirsi) a147540
050 #0 - LIBRARY OF CONGRESS CALL NUMBER
Classification number RC456
Item number TOM 1995
100 1# - MAIN ENTRY--PERSONAL NAME
Personal name Tomb, David A.
Linkage A118280.1
245 10 - TITLE STATEMENT
Title Psychiatry, 5th edition
Statement of responsibility, etc. David A. Tomb.
260 ## - PUBLICATION, DISTRIBUTION, ETC.
Place of publication, distribution, etc. Baltimore ;
Name of publisher, distributor, etc. Williams & Wilkins,
Date of publication, distribution, etc. 1995.
350 ## - PRICE (NR) (BK AM CF MU VM SE) [OBSOLETE]
Price 25
440 #0 - SERIES STATEMENT/ADDED ENTRY--TITLE
Title House officer series
Linkage S20715.1
504 ## - BIBLIOGRAPHY, ETC. NOTE
Bibliography, etc. note Includes bibliographical references and index
650 #0 - SUBJECT ADDED ENTRY--TOPICAL TERM
Topical term or geographic name entry element Psychiatry -- Handbooks, manuals, etc.
General subdivision Psychiatry -- Handbooks, manuals, etc.
Linkage S36631.1
650 #0 - SUBJECT ADDED ENTRY--TOPICAL TERM
Topical term or geographic name entry element Mental illness -- Handbooks, manuals, etc.
General subdivision Mental illness -- Handbooks, manuals, etc.
Linkage S88599.1
650 #0 - SUBJECT ADDED ENTRY--TOPICAL TERM
Topical term or geographic name entry element Psychological manifestation of general diseases -- Handbooks, manuals, etc.
General subdivision Psychological manifestation of general diseases -- Handbooks, manuals, etc.
Linkage S88600.1

No items available.

© 2026 - The University of Zambia Library - Koha v25.11